00550nam a22001697a 450000500170000001000130001702000110003003500130004103700140005408200100006810000240007824500780010224600600018026000490024027000700028930000210035920191224105906.0 aA-485675 c400.00 aA-485675 bBPPD/Pub. a840.9 aوھاب اشرفی aتاریخے ادبیات عالم (جلد اول) /cوھاب اشرفی aTareekh-E-Adabyat Alam vol.I (Urdu) /bby Wahab Ashrafi aDelhibEducational Publishing Housec1992 ء a3108, Gali Azizuddin Vakil, Kucha Pandit, Lal KuanbDelhie110006 a456 صc21cm(Hb)